Responses for Show #2676 - Monday, April 1, 1996

David Sampugnaro game 1.

Contestants

[<< previous game]

David Sampugnaro, a writer and consultant originally from Elmsford, New York

Kathryn Perry, a technical consultant from Washington, D.C.

Gary Fulcomer, an Air Force attorney originally from Allentown, Pennsylvania (whose 1-day cash winnings total $11,500)

[next game >>]

Jeopardy! Round responses

APRIL FOOLS' DAY
GOLF
INCREDIBLE EDIBLES
SOUTH AMERICA
CELEBRITY ASTROLOGY
RHYME TIME
    $100 7
(K: What are Sergeis?)

April 1 Birthdays

KathrynDavid
    $100 6
the Philippines

David
    $100 12
Pig Ears

David
    $100 1
Andes

David
    $100 25
Kevin Costner

David
    $100 16
Nurses' Purses

David
    $200 8
Apple Computer

David
    $200 20
Wedges

Gary
    $200 13
possum

Kathryn
    $200 2
Pampas

David
    $200 26
Pisces

Kathryn
    $200 17
Weird Beard

Kathryn
    $300 9
Speaker of the House

David
    $300 21
(D: What is the U.S. Open?)

The Masters

GaryDavid
    $300 14
Horse Meat

Gary
    $300 3
Caracas

Gary
    $300 27
Leo

Gary
    $300 18
(D: What is a Glutton Mutton?)

Mutton Glutton

KathrynDavid
    $400 10
Iran

Kathryn
    $400 22
Gallery

Gary
    $400 15
Armadillo

David
    $400 4
Strait of Magellan

Gary
    $400 28
Scorpio

Kathryn
    $400 19
Liver Giver

Gary
    $500 11
The Census

Triple Stumper
    $500 23
Gary Player

Gary
    $500 24
Rodents

Kathryn
    $400 5
(Gary: What is Suriname?)

French Guiana

Gary
    $500 29
Aquarius

David
    $500 30
Particle Article

Gary

Scores at the first commercial break (after clue 15):

Gary Kathryn David
$600 $500 $1,500

Scores at the end of the Jeopardy! Round:

Gary Kathryn David
$3,200 $2,100 $1,600

Double Jeopardy! Round responses

THE 17th CENTURY
BUSINESS & INDUSTRY
COMPOSERS
TRAVEL & TOURISM
COLUMNISTS
-OLOGIES
    $200 18
The Iliad

Kathryn
    $200 12
Thomas Edison

Gary
    $200 3
Igor Stravinsky

David
    $200 1
Hawaii

Gary
    $200 2
Art Buchwald

Kathryn
    $200 26
X Rays

Gary
    $400 21
Russia

Kathryn
    $400 14
popcorn

Gary
    $400 6
Louis XIV

David
    $400 4
Trafalgar Square

David
    $400 9
George Will

Gary
    $400 27
ecology

Gary
    $600 23
Greenwich

Triple Stumper
    $600 15
(Kathryn: Who was Gail Hefner?)

Christie Hefner

Kathryn
Triple Stumper
    $1,000 19
Leonard Bernstein

Kathryn
    $600 5
Moscow

Kathryn
    $600 10
(Kathryn: Who was Abigail Van Buren?)

Ann Landers

KathrynDavid
    $600 28
anthropology

David
    $800 24
John Bunyan

David
    $800 16
"Big Blue"

David
    $800 20
Johann Strauss

Gary
    $800 7
(David: What is Marseilles?)

Nice

David
Triple Stumper
    $800 11
Jack Anderson

Triple Stumper
    $800 29
[When Kathryn gave a response of corrections for this clue, she was first ruled incorrect, but was credited before FJ! since the category name wasn't in quotation marks.]

criminology

GaryKathryn
    $1000 25
John Knox

David
    $1000 17
Black & Decker

David
    $1000 22
Franz Josef Haydn

Kathryn
    $1000 8
(David: What is Glamis?)

Holyrood

David
Triple Stumper
    $500 13
William Safire

Gary
    $1000 30
bibliology

David

Scores at the end of the Double Jeopardy! Round:

Gary Kathryn David
$7,100 $5,100 $6,600

[wagering suggestions for these scores]

Final Jeopardy! Round responses

U.S. PRESIDENTS
KathrynWho are Andrew Jackson & James Monroe
$2,000
DavidWho were William Henry Harrison & John Quincy Adams?
$6,600
GaryWho are John Quincy Adams & Andrew Jackson?
$6,200
William Henry Harrison & John Quincy Adams

Final scores:

Gary Kathryn David
$900 $3,100 $13,200
3rd place: a gift certificate for books 2nd place: Gateway 2000 Family PC & armoire New champion: $13,200

Game dynamics:

Coryat scores:

Gary Kathryn David
$8,000 $4,700 $6,600
19 R
(including 1 DD),
1 W
(including 1 DD)
14 R
(including 1 DD),
3 W
21 R,
4 W

Combined Coryat: $19,300

[game clues] [game scores] [suggest correction]

Game tape date: 1995-12-12
The J! Archive is created by fans, for fans. Scraping, republication, monetization, and malicious use prohibited; this site may use cookies and collect identifying information. See terms. The Jeopardy! game show and all elements thereof, including but not limited to copyright and trademark thereto, are the property of Jeopardy Productions, Inc. and are protected under law. This website is not affiliated with, sponsored by, or operated by Jeopardy Productions, Inc. Join the discussion at JBoard.tv.